=LDR 00000nam 2200000 4500 =001 INLIS000000000002384 =005 20130612090727 =008 ***********************************Ind** =035 ##$$0010-061300000002384 =041 ##$$a Ind =082 ##$$a 92(Makasar) =090 ##$$a 92(Makasar), Tuj s =100 ##$$a Tujimah =245 ##$$a Syekh Yusuf Makasar, riwayat dan ajarannya, Prof.Dr.Tujimah =260 ##$$a 1997 $b Jakarta =300 ##$$a vi,223 hlm, 22 cm =650 ##$$a Makasar, Syekh Yusuf, 1626-1699 =850 ##$$a NBPNMAT